[Event "DVM U10 2016"]
[Site "Magdeburg GER"]
[Date "2016.12.28"]
[Round "4"]
[White "Yin, Haode"]
[Black "Schulz, Hannah"]
[Result "1/2-1/2"]
[Termination "normal"]
[Board "3.3"]
[WhiteElo "1352"]
[BlackElo "1045"]
[WhiteClock "00:11:26"]
[BlackClock "00:11:57"]
[WhiteTeam "Schachakademie Paderborn 1"]
[BlackTeam "Karlsruher SF"]
[PlyCount "109"]
[WhiteFideId "16261348"]
[BlackFideId "16244745"]
[EventCountry "GER"]
[EventRounds "7"]
[EventType "team-swiss"]
[EventDate "2016.12.27"]

1. d4 {[%clk 0:59:59]} d5 {[%clk 0:59:56]} 2. Bf4 {[%clk 0:59:54]} Bf5 {[%clk
0:59:47]} 3. Nf3 {[%clk 0:59:49]} e6 {[%clk 0:59:17]} 4. e3 {[%clk 0:59:41]}
Bb4+ {[%clk 0:58:51]} 5. c3 {[%clk 0:59:32]} Bd6 {[%clk 0:58:46]} 6. Bg3 {[%clk
0:59:22]} Nf6 {[%clk 0:58:33]} 7. Bd3 {[%clk 0:58:41]} Bg4 {[%clk 0:57:31]} 8.
Nbd2 {[%clk 0:57:54]} Nc6 {[%clk 0:57:02]} 9. Qc2 {[%clk 0:57:28]} Qe7 {[%clk
0:55:15]} 10. a3 {[%clk 0:54:28]} e5 {[%clk 0:51:22]} 11. dxe5 {[%clk 0:53:43]}
Nxe5 {[%clk 0:50:57]} 12. Nd4 {[%clk 0:52:05]} Nxd3+ {[%clk 0:50:07]} 13. Qxd3
{[%clk 0:51:52]} Bxg3 {[%clk 0:46:53]} 14. hxg3 {[%clk 0:51:44]} O-O-O {[%clk
0:45:14]} 15. Qb5 {[%clk 0:47:41]} Bd7 {[%clk 0:42:17]} 16. Qb4 {[%clk
0:47:20]} c5 {[%clk 0:41:20]} 17. Qa5 {[%clk 0:45:52]} cxd4 {[%clk 0:40:34]}
18. cxd4 {[%clk 0:45:19]} Kb8 {[%clk 0:39:39]} 19. b4 {[%clk 0:43:25]} Rc8
{[%clk 0:37:24]} 20. b5 {[%clk 0:42:36]} Ne4 {[%clk 0:33:14]} 21. b6 {[%clk
0:40:46]} a6 {[%clk 0:32:41]} 22. Qxd5 {[%clk 0:40:36]} Nxd2 {[%clk 0:31:59]}
23. Kxd2 {[%clk 0:40:27]} Bc6 {[%clk 0:31:45]} 24. Qf5 {[%clk 0:39:49]} Be4
{[%clk 0:30:55]} 25. Qf4+ {[%clk 0:39:39]} Ka8 {[%clk 0:29:34]} 26. f3 {[%clk
0:38:33]} Bg6 {[%clk 0:28:57]} 27. e4 {[%clk 0:34:18]} Qd7 {[%clk 0:26:23]} 28.
Qe3 {[%clk 0:32:33]} Qb5 {[%clk 0:25:27]} 29. Rab1 {[%clk 0:31:45]} Qa5+ {[%clk
0:24:07]} 30. Rb4 {[%clk 0:29:36]} Rc4 {[%clk 0:22:34]} 31. Rhb1 {[%clk
0:28:37]} Rhc8 {[%clk 0:21:37]} 32. Qd3 {[%clk 0:28:04]} Qg5+ {[%clk 0:19:54]}
33. f4 {[%clk 0:27:19]} Qa5 {[%clk 0:19:09]} 34. f5 {[%clk 0:26:22]} Bh5 {[%clk
0:18:37]} 35. R1b3 {[%clk 0:17:25]} Rxb4 {[%clk 0:16:46]} 36. Rxb4 {[%clk
0:16:48]} Rc6 {[%clk 0:16:08]} 37. Qb3 {[%clk 0:16:13]} Rxb6 {[%clk 0:15:35]}
38. Kd3 {[%clk 0:15:21]} Rxb4 {[%clk 0:15:03]} 39. axb4 {[%clk 0:15:15]} Qb5+
{[%clk 0:14:49]} 40. Qc4 {[%clk 0:14:43]} Be2+ {[%clk 0:14:34]} 41. Ke3 {[%clk
0:13:23]} Bxc4 {[%clk 0:14:26]} 42. d5 {[%clk 0:13:11]} Qxb4 {[%clk 0:14:19]}
43. d6 {[%clk 0:13:05]} Qxd6 {[%clk 0:14:14]} 44. e5 {[%clk 0:12:56]} Qxe5+ 45.
Kd2 {[%clk 0:12:51]} Qxf5 {[%clk 0:14:06]} 46. g4 {[%clk 0:12:45]} Qxg4 {[%clk
0:13:58]} 47. Kc3 {[%clk 0:12:36]} Qe2 {[%clk 0:13:52]} 48. Kd4 Qd3+ {[%clk
0:13:37]} 49. Ke5 {[%clk 0:12:01]} a5 {[%clk 0:13:12]} 50. g3 {[%clk 0:11:53]}
a4 {[%clk 0:13:08]} 51. g4 {[%clk 0:11:51]} h6 {[%clk 0:12:28]} 52. g5 {[%clk
0:11:44]} h5 {[%clk 0:12:20]} 53. g6 {[%clk 0:11:38]} f6+ {[%clk 0:12:16]} 54.
Kf4 {[%clk 0:11:26]} a3 {[%clk 0:11:57]} 55. Kf3 0-1

[Event "DVM U10 2016"]
[Site "Magdeburg GER"]
[Date "2016.12.28"]
[Round "4"]
[White "Eichhorn, Valentin"]
[Black "Brinkschröder, Josh"]
[Result "0-1"]
[Termination "normal"]
[Board "3.4"]
[WhiteElo "989"]
[BlackElo "1139"]
[WhiteTeam "Karlsruher SF"]
[BlackTeam "Schachakademie Paderborn 1"]
[PlyCount "63"]
[WhiteFideId "16239032"]
[BlackFideId "16274903"]
[EventCountry "GER"]
[EventRounds "7"]
[EventType "team-swiss"]
[EventDate "2016.12.27"]

1. d4 d5 2. Nf3 Bf5 3. Bf4 Nf6 4. e3 e6 5. Bd3 Bg6 6. c3 Bd6 7. Bg3 Qe7 8. Qc2
Ne4 9. Nbd2 Nxg3 10. hxg3 Bxd3 11. Qxd3 g6 12. O-O-O Nd7 13. Kb1 O-O-O 14. Rhe1
e5 15. Qc2 e4 16. Nh2 c6 17. Qa4 Kb8 18. Nb3 Nb6 19. Qa5 Bc7 20. Qa3 Bd6 21.
Qa5 Nc4 22. Qa4 a6 23. Nd2 Nb6 24. Qb3 Bc7 25. Qc2 h5 26. Rh1 h4 27. Nhf1 hxg3
28. Nxg3 Bxg3 29. fxg3 Qg5 30. Rxh8 Rxh8 31. Nf1 Nc4 32. Qb3 0-1

[Event "DVM U10 2016"]
[Site "Magdeburg GER"]
[Date "2016.12.28"]
[Round "4"]
[White "Hommer, Jeremy"]
[Black "Lox, Nils Norman"]
[Result "1/2-1/2"]
[Termination "normal"]
[Board "4.1"]
[WhiteElo "1811"]
[BlackElo "1510"]
[WhiteClock "00:21:39"]
[BlackClock "00:31:37"]
[WhiteTeam "SC Turm Lüneburg"]
[BlackTeam "SC Eintracht Berlin"]
[PlyCount "35"]
[WhiteFideId "12992577"]
[BlackFideId "16221389"]
[EventCountry "GER"]
[EventRounds "7"]
[EventType "team-swiss"]
[EventDate "2016.12.27"]

1. d4 {[%clk 0:59:57]} d5 {[%clk 0:59:55]} 2. Bf4 {[%clk 0:59:49]} e6 {[%clk
0:59:44]} 3. e3 {[%clk 0:59:32]} f5 {[%clk 0:59:37]} 4. Nf3 {[%clk 0:59:19]}
Nf6 {[%clk 0:59:17]} 5. Ne5 {[%clk 0:58:01]} Bd6 {[%clk 0:58:34]} 6. Bd3 {[%clk
0:56:01]} c6 {[%clk 0:57:43]} 7. Nd2 {[%clk 0:55:38]} O-O {[%clk 0:57:07]} 8.
c3 {[%clk 0:54:59]} Ne4 {[%clk 0:56:11]} 9. h3 {[%clk 0:53:15]} Qe7 {[%clk
0:53:50]} 10. Qc2 {[%clk 0:51:21]} Nd7 {[%clk 0:52:18]} 11. g4 {[%clk 0:49:04]}
Bxe5 {[%clk 0:49:16]} 12. dxe5 {[%clk 0:48:06]} Ndc5 {[%clk 0:47:05]} 13. Nf3
{[%clk 0:33:08]} Nxd3+ {[%clk 0:40:45]} 14. Qxd3 {[%clk 0:33:05]} c5 {[%clk
0:39:28]} 15. gxf5 {[%clk 0:26:37]} Rxf5 {[%clk 0:38:36]} 16. Qe2 {[%clk
0:25:30]} Bd7 {[%clk 0:34:18]} 17. O-O-O {[%clk 0:24:01]} b5 {[%clk 0:31:37]}
18. Rhg1 {[%clk 0:21:39]} 1/2-1/2

[Event "DVM U10 2016"]
[Site "Magdeburg GER"]
[Date "2016.12.28"]
[Round "4"]
[White "Raasch, Hauke"]
[Black "Bildat, Emilia"]
[Result "1/2-1/2"]
[Termination "normal"]
[Board "4.2"]
[WhiteElo "1587"]
[BlackElo "1294"]
[WhiteClock "00:42:06"]
[BlackClock "00:26:10"]
[WhiteTeam "SC Eintracht Berlin"]
[BlackTeam "SC Turm Lüneburg"]
[PlyCount "50"]
[WhiteFideId "16210034"]
[BlackFideId "16218140"]
[EventCountry "GER"]
[EventRounds "7"]
[EventType "team-swiss"]
[EventDate "2016.12.27"]

1. d4 {[%clk 0:59:58]} d5 {[%clk 0:59:49]} 2. Nf3 {[%clk 0:59:53]} Nf6 {[%clk
0:59:40]} 3. e3 {[%clk 0:59:47]} e6 {[%clk 0:59:20]} 4. Bd3 {[%clk 0:59:40]}
Be7 {[%clk 0:58:55]} 5. c3 {[%clk 0:59:33]} Nc6 {[%clk 0:58:04]} 6. Nbd2 {[%clk
0:59:27]} O-O {[%clk 0:57:09]} 7. O-O {[%clk 0:59:21]} Bd7 {[%clk 0:55:32]} 8.
e4 {[%clk 0:59:10]} dxe4 {[%clk 0:55:22]} 9. Nxe4 {[%clk 0:59:02]} Nxe4 {[%clk
0:51:37]} 10. Bxe4 {[%clk 0:58:41]} Bf6 {[%clk 0:49:23]} 11. Bc2 {[%clk
0:58:00]} Ne7 {[%clk 0:48:06]} 12. Bg5 {[%clk 0:57:06]} Ng6 {[%clk 0:45:01]}
13. Bxf6 {[%clk 0:56:49]} Qxf6 {[%clk 0:44:33]} 14. Bxg6 {[%clk 0:56:22]} hxg6
{[%clk 0:41:35]} 15. Ne5 {[%clk 0:55:48]} Rfd8 {[%clk 0:40:25]} 16. Nxd7 {[%clk
0:55:35]} Rxd7 {[%clk 0:40:11]} 17. f4 {[%clk 0:54:49]} c5 {[%clk 0:39:09]} 18.
Qe2 {[%clk 0:52:13]} cxd4 {[%clk 0:38:05]} 19. cxd4 {[%clk 0:52:01]} Rxd4
{[%clk 0:36:55]} 20. Qf2 {[%clk 0:48:44]} Rad8 {[%clk 0:35:25]} 21. Rae1 {[%clk
0:47:46]} a6 {[%clk 0:32:00]} 22. b3 {[%clk 0:46:10]} Rd2 {[%clk 0:29:38]} 23.
Re2 {[%clk 0:44:26]} Qb2 {[%clk 0:27:32]} 24. Rxd2 {[%clk 0:42:45]} Rxd2 {[%clk
0:26:10]} 25. Qf3 {[%clk 0:42:06]} Qb1 1/2-1/2

[Event "DVM U10 2016"]
[Site "Magdeburg GER"]
[Date "2016.12.28"]
[Round "4"]
[White "Strzoda, Christian"]
[Black "Hoffmann, Kay"]
[Result "1-0"]
[Termination "normal"]
[Board "4.3"]
[WhiteElo "849"]
[BlackElo "1059"]
[WhiteClock "00:22:37"]
[BlackClock "00:34:30"]
[WhiteTeam "SC Turm Lüneburg"]
[BlackTeam "SC Eintracht Berlin"]
[PlyCount "59"]
[WhiteFideId "16218450"]
[BlackFideId "16227000"]
[EventCountry "GER"]
[EventRounds "7"]
[EventType "team-swiss"]
[EventDate "2016.12.27"]

1. d4 {[%clk 0:59:57]} d5 {[%clk 0:59:56]} 2. Nf3 {[%clk 0:59:48]} Nf6 {[%clk
0:59:49]} 3. Bf4 {[%clk 0:59:34]} e6 {[%clk 0:59:38]} 4. e3 {[%clk 0:59:22]}
Bd6 {[%clk 0:59:28]} 5. Bd3 {[%clk 0:59:05]} Bxf4 {[%clk 0:59:16]} 6. exf4
{[%clk 0:58:55]} Nbd7 {[%clk 0:59:04]} 7. c3 {[%clk 0:58:38]} b6 {[%clk
0:58:47]} 8. O-O {[%clk 0:58:19]} Bb7 {[%clk 0:58:37]} 9. Ne5 {[%clk 0:57:55]}
O-O {[%clk 0:57:58]} 10. Nd2 {[%clk 0:57:18]} c5 {[%clk 0:56:51]} 11. Re1
{[%clk 0:56:32]} c4 {[%clk 0:56:38]} 12. Bc2 {[%clk 0:56:23]} Qe7 {[%clk
0:55:27]} 13. Qe2 {[%clk 0:55:21]} b5 {[%clk 0:54:30]} 14. a3 {[%clk 0:54:51]}
a5 {[%clk 0:54:01]} 15. Rad1 {[%clk 0:51:47]} Rfb8 {[%clk 0:51:49]} 16. Qf3
{[%clk 0:48:42]} Qd8 {[%clk 0:49:46]} 17. h4 {[%clk 0:44:13]} g6 {[%clk
0:48:25]} 18. g4 {[%clk 0:41:27]} Qe7 {[%clk 0:45:44]} 19. Kh2 Qd6 {[%clk
0:45:21]} 20. Re2 {[%clk 0:36:52]} Kf8 {[%clk 0:45:01]} 21. f5 {[%clk 0:33:59]}
Ke7 {[%clk 0:43:41]} 22. fxe6 {[%clk 0:32:49]} fxe6 {[%clk 0:43:21]} 23. g5
{[%clk 0:32:14]} Ne8 {[%clk 0:40:44]} 24. Qf7+ {[%clk 0:29:47]} Kd8 {[%clk
0:40:29]} 25. Qf4 {[%clk 0:29:16]} Qf8 {[%clk 0:38:00]} 26. Nf7+ {[%clk
0:27:30]} Kc8 {[%clk 0:37:40]} 27. Rxe6 {[%clk 0:26:59]} Ra6 {[%clk 0:35:42]}
28. Rde1 {[%clk 0:25:31]} Nc7 {[%clk 0:34:50]} 29. Re7 {[%clk 0:23:06]} Rf6
{[%clk 0:34:30]} 30. gxf6 {[%clk 0:22:37]} 1-0

[Event "DVM U10 2016"]
[Site "Magdeburg GER"]
[Date "2016.12.28"]
[Round "4"]
[White "Milzow, Marvin"]
[Black "Helms, Finn"]
[Result "1-0"]
[Termination "normal"]
[Board "4.4"]
[WhiteElo "1045"]
[BlackElo "913"]
[WhiteClock "00:49:51"]
[BlackClock "00:39:46"]
[WhiteTeam "SC Eintracht Berlin"]
[BlackTeam "SC Turm Lüneburg"]
[PlyCount "63"]
[WhiteFideId "16274300"]
[BlackFideId "16249143"]
[EventCountry "GER"]
[EventRounds "7"]
[EventType "team-swiss"]
[EventDate "2016.12.27"]

1. e4 {[%clk 0:59:58]} c6 {[%clk 0:59:49]} 2. Nf3 {[%clk 0:59:50]} d5 {[%clk
0:59:42]} 3. exd5 {[%clk 0:58:52]} cxd5 {[%clk 0:59:28]} 4. d4 {[%clk 0:58:47]}
Bf5 {[%clk 0:59:14]} 5. Bf4 {[%clk 0:58:38]} e6 {[%clk 0:58:56]} 6. Nc3 {[%clk
0:58:07]} Bb4 {[%clk 0:58:39]} 7. Bb5+ {[%clk 0:57:57]} Nd7 {[%clk 0:58:22]} 8.
Ne5 {[%clk 0:57:31]} Ngf6 9. Bg5 O-O {[%clk 0:57:31]} 10. Nxd7 {[%clk 0:57:02]}
Re8 11. Nxf6+ gxf6 12. Bxe8 Qxe8 13. Bd2 Qc6 14. O-O e5 {[%clk 0:52:14]} 15.
dxe5 {[%clk 0:56:12]} d4 {[%clk 0:50:56]} 16. Ne2 {[%clk 0:55:04]} Bxc2 17. Qc1
Bxd2 {[%clk 0:48:43]} 18. Qxd2 {[%clk 0:54:59]} d3 {[%clk 0:47:34]} 19. Nd4
{[%clk 0:53:38]} Qd5 {[%clk 0:46:59]} 20. Nxc2 {[%clk 0:53:22]} Kh8 {[%clk
0:46:35]} 21. exf6 {[%clk 0:52:51]} Rg8 22. g3 Rd8 23. Nb4 Qc4 {[%clk 0:43:16]}
24. Rad1 {[%clk 0:51:56]} a5 {[%clk 0:42:57]} 25. b3 {[%clk 0:50:59]} Qb5 26.
Nxd3 Qa6 {[%clk 0:41:40]} 27. Qh6 {[%clk 0:50:48]} Rg8 28. Ne5 Qe6 {[%clk
0:40:22]} 29. Rde1 {[%clk 0:50:41]} b5 {[%clk 0:39:46]} 30. Re4 {[%clk
0:49:51]} b4 31. Rh4 Qf5 32. Nxf7# 1-0

[Event "DVM U10 2016"]
[Site "Magdeburg GER"]
[Date "2016.12.28"]
[Round "4"]
[White "Brunner, Alexander"]
[Black "Costa, Leonardo"]
[Result "1-0"]
[Termination "normal"]
[Board "5.1"]
[WhiteElo "1348"]
[BlackElo "1620"]
[WhiteClock "00:37:08"]
[BlackClock "00:39:09"]
[WhiteTeam "Hagener SV 1"]
[BlackTeam "SK München Südost"]
[PlyCount "76"]
[WhiteFideId "12965278"]
[BlackFideId "16213955"]
[EventCountry "GER"]
[EventRounds "7"]
[EventType "team-swiss"]
[EventDate "2016.12.27"]

1. e4 {[%clk 0:59:57]} e5 {[%clk 0:59:59]} 2. Nf3 {[%clk 0:59:47]} Nc6 {[%clk
0:59:58]} 3. Bc4 {[%clk 0:59:36]} Bc5 {[%clk 0:59:53]} 4. b4 {[%clk 0:59:17]}
Bxb4 {[%clk 0:59:47]} 5. c3 {[%clk 0:59:11]} Ba5 {[%clk 0:59:41]} 6. d4 {[%clk
0:59:01]} exd4 {[%clk 0:59:31]} 7. O-O {[%clk 0:58:54]} Nf6 {[%clk 0:57:56]} 8.
e5 {[%clk 0:57:32]} Ne4 {[%clk 0:56:55]} 9. cxd4 {[%clk 0:57:05]} O-O {[%clk
0:56:01]} 10. d5 {[%clk 0:53:31]} Nc3 {[%clk 0:51:52]} 11. Qb3 {[%clk 0:47:50]}
Nxb1 {[%clk 0:51:02]} 12. dxc6 {[%clk 0:46:50]} Bb6 {[%clk 0:50:13]} 13. Rxb1
{[%clk 0:46:10]} dxc6 {[%clk 0:49:53]} 14. Ba3 {[%clk 0:45:54]} c5 {[%clk
0:49:32]} 15. e6 {[%clk 0:45:03]} Bxe6 {[%clk 0:49:23]} 16. Bxe6 {[%clk
0:44:57]} fxe6 {[%clk 0:49:18]} 17. Qxe6+ {[%clk 0:44:48]} Kh8 {[%clk 0:48:38]}
18. Ne5 {[%clk 0:44:06]} Qe8 {[%clk 0:47:58]} 19. Qxe8 {[%clk 0:43:29]} Raxe8
{[%clk 0:47:51]} 20. Nd7 {[%clk 0:43:06]} Rf7 {[%clk 0:47:30]} 21. Nxc5 {[%clk
0:42:45]} h6 {[%clk 0:46:48]} 22. Nxb7 {[%clk 0:42:26]} Rf5 {[%clk 0:46:01]}
23. Rbd1 {[%clk 0:41:36]} Re2 {[%clk 0:45:40]} 24. Rd8+ {[%clk 0:40:10]} Kh7
{[%clk 0:45:32]} 25. Rf8 {[%clk 0:39:58]} Bxf2+ {[%clk 0:44:23]} 26. Kh1 {[%clk
0:39:21]} Rxf8 {[%clk 0:44:17]} 27. Bxf8 {[%clk 0:39:14]} Rxa2 {[%clk 0:44:02]}
28. Bc5 {[%clk 0:38:48]} Bxc5 {[%clk 0:42:39]} 29. Nxc5 {[%clk 0:38:42]} a5
{[%clk 0:42:06]} 30. h3 {[%clk 0:38:37]} g5 {[%clk 0:41:31]} 31. Rf7+ {[%clk
0:38:30]} Kg6 {[%clk 0:41:23]} 32. Rxc7 {[%clk 0:38:23]} Rc2 {[%clk 0:41:05]}
33. Rc6+ {[%clk 0:37:59]} Kf5 {[%clk 0:40:02]} 34. g4+ {[%clk 0:37:53]} Ke5
{[%clk 0:39:36]} 35. Nd7+ {[%clk 0:37:47]} Kf4 {[%clk 0:39:27]} 36. Rxc2 {[%clk
0:37:39]} a4 {[%clk 0:39:19]} 37. Ra2 {[%clk 0:37:34]} Kg3 {[%clk 0:39:14]} 38.
Rxa4 {[%clk 0:37:08]} Kxh3 {[%clk 0:39:09]} 1-0

[Event "DVM U10 2016"]
[Site "Magdeburg GER"]
[Date "2016.12.28"]
[Round "4"]
[White "Glok, David"]
[Black "Schlie, Johann"]
[Result "0-1"]
[Termination "normal"]
[Board "5.2"]
[WhiteElo "1136"]
[BlackElo "1368"]
[WhiteClock "00:28:24"]
[BlackClock "00:21:50"]
[WhiteTeam "SK München Südost"]
[BlackTeam "Hagener SV 1"]
[PlyCount "130"]
[WhiteFideId "16226224"]
[BlackFideId "16211596"]
[EventCountry "GER"]
[EventRounds "7"]
[EventType "team-swiss"]
[EventDate "2016.12.27"]

1. e4 {[%clk 0:59:59]} d5 {[%clk 0:59:35]} 2. exd5 {[%clk 0:59:50]} Qxd5 {[%clk
0:59:28]} 3. Nc3 {[%clk 0:59:39]} Qa5 {[%clk 0:58:54]} 4. Nf3 {[%clk 0:59:17]}
Nf6 {[%clk 0:58:32]} 5. d4 {[%clk 0:58:52]} Bg4 {[%clk 0:58:11]} 6. h3 {[%clk
0:58:21]} Bh5 {[%clk 0:57:55]} 7. Bd2 {[%clk 0:57:58]} c6 {[%clk 0:57:38]} 8.
Ne4 {[%clk 0:57:18]} Qc7 {[%clk 0:57:17]} 9. Nxf6+ {[%clk 0:56:55]} gxf6 {[%clk
0:57:01]} 10. Bd3 {[%clk 0:56:17]} Nd7 {[%clk 0:56:40]} 11. Qe2 {[%clk
0:55:33]} O-O-O {[%clk 0:55:09]} 12. g4 {[%clk 0:55:04]} Bg6 {[%clk 0:54:56]}
13. Bxg6 {[%clk 0:54:06]} hxg6 {[%clk 0:54:26]} 14. g5 {[%clk 0:53:40]} Bg7
{[%clk 0:53:02]} 15. O-O-O {[%clk 0:53:17]} Rhe8 {[%clk 0:52:24]} 16. h4 {[%clk
0:52:29]} e5 {[%clk 0:52:10]} 17. Qc4 {[%clk 0:51:55]} Nb6 {[%clk 0:51:40]} 18.
Qb3 {[%clk 0:50:40]} exd4 {[%clk 0:50:35]} 19. Ba5 {[%clk 0:50:22]} Qf4+ {[%clk
0:49:30]} 20. Kb1 {[%clk 0:49:24]} Re7 {[%clk 0:47:49]} 21. Rhe1 {[%clk
0:48:13]} Rdd7 {[%clk 0:45:59]} 22. Bb4 {[%clk 0:46:09]} Rxe1 {[%clk 0:43:36]}
23. Rxe1 {[%clk 0:45:38]} Nd5 {[%clk 0:40:09]} 24. Re8+ {[%clk 0:44:32]} Rd8
{[%clk 0:38:32]} 25. Rxd8+ {[%clk 0:43:44]} Kxd8 {[%clk 0:38:28]} 26. Bd2
{[%clk 0:41:37]} Qc7 {[%clk 0:37:13]} 27. Nxd4 {[%clk 0:41:04]} fxg5 {[%clk
0:35:49]} 28. Nf3 {[%clk 0:40:29]} gxh4 {[%clk 0:34:52]} 29. Bg5+ {[%clk
0:40:19]} Bf6 {[%clk 0:34:09]} 30. c4 {[%clk 0:38:33]} Bxg5 {[%clk 0:33:15]}
31. Nxg5 {[%clk 0:38:00]} Nb6 {[%clk 0:32:43]} 32. c5 {[%clk 0:37:18]} Nd5
{[%clk 0:32:36]} 33. Qh3 {[%clk 0:36:41]} Qf4 {[%clk 0:30:20]} 34. Nf3 {[%clk
0:35:33]} Qf5+ {[%clk 0:29:12]} 35. Qxf5 {[%clk 0:35:18]} gxf5 {[%clk 0:29:01]}
36. Nxh4 {[%clk 0:35:06]} Ke7 {[%clk 0:28:39]} 37. Nxf5+ {[%clk 0:34:58]} Ke6
{[%clk 0:28:03]} 38. Ng3 {[%clk 0:34:34]} Ke5 {[%clk 0:27:43]} 39. Kc2 {[%clk
0:34:26]} Kd4 {[%clk 0:27:34]} 40. Nf5+ {[%clk 0:33:53]} Kxc5 {[%clk 0:27:18]}
41. Kd3 {[%clk 0:33:31]} Nb4+ {[%clk 0:26:52]} 42. Kc3 {[%clk 0:33:00]} Nxa2+
{[%clk 0:26:29]} 43. Kd2 {[%clk 0:32:30]} a5 {[%clk 0:26:15]} 44. Kc2 b5 45.
Kb3 {[%clk 0:31:43]} Nb4 {[%clk 0:26:07]} 46. f4 {[%clk 0:31:34]} Nd3 {[%clk
0:25:50]} 47. Ne3 {[%clk 0:31:14]} Nxf4 {[%clk 0:25:25]} 48. Kc3 {[%clk
0:30:58]} Nd5+ {[%clk 0:25:13]} 49. Nxd5 {[%clk 0:30:49]} cxd5 {[%clk 0:25:07]}
50. Kc2 {[%clk 0:30:42]} Kc4 {[%clk 0:24:59]} 51. b3+ {[%clk 0:30:35]} Kb4
{[%clk 0:24:52]} 52. Kb2 {[%clk 0:30:30]} f5 {[%clk 0:24:45]} 53. Kc2 {[%clk
0:30:25]} f4 {[%clk 0:24:38]} 54. Kb2 {[%clk 0:30:16]} f3 {[%clk 0:24:33]} 55.
Kc2 {[%clk 0:30:11]} f2 {[%clk 0:24:21]} 56. Kd3 {[%clk 0:30:01]} f1=Q+ 57. Ke3
Kxb3 {[%clk 0:23:48]} 58. Kd4 {[%clk 0:29:50]} Qc4+ {[%clk 0:23:39]} 59. Ke5
{[%clk 0:29:42]} Qe4+ {[%clk 0:23:27]} 60. Kd6 {[%clk 0:29:34]} Kc4 {[%clk
0:22:40]} 61. Kc7 {[%clk 0:28:54]} Qe6 {[%clk 0:22:28]} 62. Kd8 {[%clk
0:28:43]} Qf7 {[%clk 0:22:17]} 63. Kc8 {[%clk 0:28:34]} Kc5 {[%clk 0:22:06]}
64. Kb8 {[%clk 0:28:27]} Kb6 {[%clk 0:21:54]} 65. Kc8 {[%clk 0:28:24]} Qc7#
{[%clk 0:21:50]} 0-1

[Event "DVM U10 2016"]
[Site "Magdeburg GER"]
[Date "2016.12.28"]
[Round "4"]
[White "Maul, Maik"]
[Black "Neidhold, Moritz"]
[Result "1-0"]
[Termination "normal"]
[Board "5.3"]
[WhiteElo "1356"]
[BlackElo "1047"]
[WhiteClock "00:42:35"]
[BlackClock "00:44:53"]
[WhiteTeam "Hagener SV 1"]
[BlackTeam "SK München Südost"]
[PlyCount "87"]
[WhiteFideId "16204816"]
[EventCountry "GER"]
[EventRounds "7"]
[EventType "team-swiss"]
[EventDate "2016.12.27"]

1. d4 {[%clk 0:59:48]} d5 {[%clk 0:59:50]} 2. Bf4 {[%clk 0:59:07]} Nf6 {[%clk
0:59:43]} 3. e3 {[%clk 0:58:46]} Bf5 {[%clk 0:59:26]} 4. Nf3 {[%clk 0:58:31]}
Nc6 {[%clk 0:59:15]} 5. Nc3 {[%clk 0:58:15]} e6 {[%clk 0:59:13]} 6. Bb5 {[%clk
0:58:05]} Bb4 {[%clk 0:59:03]} 7. Ne5 {[%clk 0:57:38]} Ne4 {[%clk 0:58:37]} 8.
Nxc6 {[%clk 0:57:27]} bxc6 {[%clk 0:58:13]} 9. Bxc6+ {[%clk 0:57:13]} Kf8
{[%clk 0:57:29]} 10. O-O {[%clk 0:56:54]} Rb8 {[%clk 0:57:13]} 11. Nxe4 {[%clk
0:56:39]} Bxe4 {[%clk 0:56:50]} 12. f3 {[%clk 0:56:07]} Bf5 {[%clk 0:56:30]}
13. e4 {[%clk 0:55:45]} Bg6 {[%clk 0:55:51]} 14. c3 {[%clk 0:53:55]} Bd6 {[%clk
0:55:38]} 15. Bxd6+ {[%clk 0:53:00]} Qxd6 {[%clk 0:55:02]} 16. Qa4 {[%clk
0:52:54]} Rxb2 {[%clk 0:53:29]} 17. Rab1 {[%clk 0:52:22]} Rxb1 {[%clk 0:52:49]}
18. Rxb1 {[%clk 0:52:16]} f5 {[%clk 0:52:34]} 19. Rb8+ {[%clk 0:51:56]} Ke7
{[%clk 0:52:10]} 20. Rxh8 {[%clk 0:51:39]} fxe4 {[%clk 0:51:56]} 21. fxe4
{[%clk 0:51:03]} Bxe4 {[%clk 0:51:29]} 22. Bb7 {[%clk 0:48:56]} Kf6 {[%clk
0:51:20]} 23. Qd1 {[%clk 0:48:00]} e5 {[%clk 0:50:31]} 24. Qf1+ {[%clk
0:47:28]} Bf5 {[%clk 0:50:15]} 25. g4 {[%clk 0:47:16]} g6 {[%clk 0:49:52]} 26.
gxf5 {[%clk 0:46:54]} gxf5 {[%clk 0:49:48]} 27. dxe5+ {[%clk 0:46:18]} Qxe5
{[%clk 0:49:39]} 28. Rf8+ {[%clk 0:46:05]} Ke7 {[%clk 0:49:13]} 29. Rxf5 {[%clk
0:45:48]} Qe3+ {[%clk 0:48:42]} 30. Qf2 {[%clk 0:45:21]} Qxf2+ {[%clk 0:48:35]}
31. Kxf2 {[%clk 0:45:16]} Kd6 {[%clk 0:48:13]} 32. Rxd5+ {[%clk 0:45:10]} Ke6
{[%clk 0:47:51]} 33. Kf3 {[%clk 0:44:49]} c6 {[%clk 0:47:49]} 34. Bxc6 {[%clk
0:44:36]} h6 {[%clk 0:47:33]} 35. Ke4 {[%clk 0:44:11]} a6 {[%clk 0:47:05]} 36.
Rh5 {[%clk 0:43:43]} Kd6 {[%clk 0:46:53]} 37. Ba4 {[%clk 0:43:34]} a5 {[%clk
0:46:45]} 38. c4 {[%clk 0:43:12]} Kc7 {[%clk 0:46:12]} 39. Rxh6 {[%clk
0:43:07]} Kd8 {[%clk 0:46:07]} 40. Rh7 {[%clk 0:42:58]} Kc8 {[%clk 0:45:50]}
41. Kd5 {[%clk 0:42:49]} Kb8 {[%clk 0:45:36]} 42. Kc6 {[%clk 0:42:41]} Ka8
{[%clk 0:45:04]} 43. Kb6 {[%clk 0:42:35]} Kb8 {[%clk 0:44:53]} 44. Rh8# 1-0